駅名に「松山」が含まれる駅 - Statistics

General Stats
  • This quiz has been taken 83 times
  • The average score is 6 of 8
Answer Stats
都道府県 Answer % Correct
愛媛県 松山
99%
福岡県 松山
99%
埼玉県 東松山
97%
愛媛県 松山市
89%
宮城県 松山町
59%
愛媛県 松山駅前
59%
愛媛県 松山市駅前
49%
岐阜県 美濃松山
48%
No matching quizzes found
Score Distribution
Percent of People with Each Score
Percentile by Number Answered
Your Score History
You have not taken this quiz